Interface command post exchange (CPX 200) over WD 1 /TT wires at a distance of at least 200 meters / (Record no. 183104)

000 -LEADER
fixed length control field 00574 a2200169 4500
003 - CONTROL NUMBER IDENTIFIER
control field NUST
005 - DATE AND TIME OF LATEST TRANSACTION
control field 20251021103503.0
040 ## - CATALOGING SOURCE
Transcribing agency Nust
082 ## - DEWEY DECIMAL CLASSIFICATION NUMBER
Classification number 621.382,KHA
100 ## - MAIN ENTRY--PERSONAL NAME
Personal name Khattak, K. Imran SGT (TE--37/TCC-12)
9 (RLIN) 131301
245 ## - TITLE STATEMENT
Title Interface command post exchange (CPX 200) over WD 1 /TT wires at a distance of at least 200 meters /
Statement of responsibility, etc. SGT Imran K . Khattak, PC Zarrar Ahmed, GC Haroon Aamir , GC Khashif M. Arif
260 ## - PUBLICATION, DISTRIBUTION, ETC.
Place of publication, distribution, etc. Rawalpindi
Date of publication, distribution, etc. MCS
Name of publisher, distributor, etc. 2004
300 ## - PHYSICAL DESCRIPTION
Extent 147 p.,
650 ## - SUBJECT ADDED ENTRY--TOPICAL TERM
Topical term or geographic name entry element TE Project
9 (RLIN) 131134
651 ## - SUBJECT ADDED ENTRY--GEOGRAPHIC NAME
Geographic name TE--37/TCC-12
9 (RLIN) 131302
942 ## - ADDED ENTRY ELEMENTS (KOHA)
Source of classification or shelving scheme
Koha item type Project Report
Holdings
Withdrawn status Lost status Source of classification or shelving scheme Damaged status Not for loan Permanent Location Current Location Shelving location Date acquired Full call number Barcode Date last seen Price effective from Koha item type Public note
          Military College of Signals (MCS) Military College of Signals (MCS) Reference 12/12/2016 621.382,KHA MCSPTE-107 12/08/2016 12/12/2016 Project Report Almirah No.90, Shelf No.2
© 2023 Central Library, National University of Sciences and Technology. All Rights Reserved.